000 00621nam a2200229Ia 4500
003 OSt
005 20220926014832.0
006 a|||||r|||| 00| 0
007 ta
008 220923b |||||||| |||| 00| 0 eng d
037 _cGeneral Book
040 _aRTL
_cRTL
_beng
041 _2eng
_aeng
082 _aX:3L.73.N, L2
100 _aSweezy Paul M
245 0 _aModern capitalism and other essays
260 _aNew York
_bMonthly Review Press
_c1972
300 _aviii, 184p
_ccm.
650 _aWages
_9229845
942 _hX:3L.73.N, L2
_cGB
_2CC
999 _c629972
_d629972